00745nam a2200169 a 450000100100000000500170001000800410002704000250006808200140009324500970010726000370020430000270024171000590026895201120032795201190043999900170055800004088920201002034444.0130910s1997 dr a 000 0 spa d aDO-SdBNPbspacBNPHU axxxbxxxx00aInforme sobre las principales actividades de servicios. :b(semestre enero-junio 1995-1997). aSanto Domingo :bINDOTEC,c1997. a17 p. :bil. ;c27 cm.1 aInstituto dominicano de tecnología industrial964231 0010718PDaPDbPDcCTd2013-09-10iLF1l0oxxx xxxxp40889-10r2020-06-25w2020-06-25yLFPDZNo se presta 0010718PDaPDbPDcCTd2013-09-10iLF1l0oxxx xxxxp40889-20r2020-06-25te. 2w2020-06-25yLFPDZNo se presta c40379d40379